A new account of East India and Persia. (Record no. 235064)

000 -LEADER
fixed length control field 00932cam a2200253u 4500
001 - CONTROL NUMBER
control field 5880499
003 - CONTROL NUMBER IDENTIFIER
control field Nust
005 - DATE AND TIME OF LATEST TRANSACTION
control field 20170405154756.0
008 - FIXED-LENGTH DATA ELEMENTS--GENERAL INFORMATION
fixed length control field 821206m19091915enkabcf 000 0 eng
010 ## - LIBRARY OF CONGRESS CONTROL NUMBER
LC control number 09035018
040 ## - CATALOGING SOURCE
Original cataloging agency DLC
Transcribing agency CarP
Modifying agency DLC
043 ## - GEOGRAPHIC AREA CODE
Geographic area code a-ii---
-- a-ir---
050 00 - LIBRARY OF CONGRESS CALL NUMBER
Classification number G161
Item number .H2 2d ser., vol. 19, etc.
051 ## - LIBRARY OF CONGRESS COPY, ISSUE, OFFPRINT STATEMENT
Classification number DS411
Item number .F942
082 ## - DEWEY DECIMAL CLASSIFICATION NUMBER
Classification number 915.4042
Author Mark FRY
100 1# - MAIN ENTRY--PERSONAL NAME
Personal name Fryer, John,
Dates associated with a name -1733.
245 12 - TITLE STATEMENT
Title A new account of East India and Persia.
Remainder of title Being nine years' travels, 1672-1681 /
Statement of responsibility, etc. by John Fryer, edited, with notes and an introduction, by William Crooke ...
260 ## - PUBLICATION, DISTRIBUTION, ETC.
Place of publication, distribution, etc. London,
Name of publisher, distributor, etc. Hakluyt society,
Date of publication, distribution, etc. 1909-15.
300 ## - PHYSICAL DESCRIPTION
Extent 3 v.
Other physical details front. (port.) illus., plates (part fold.) maps.
Dimensions 23 cm.
651 #0 - SUBJECT ADDED ENTRY--GEOGRAPHIC NAME
Geographic name India.
651 #0 - SUBJECT ADDED ENTRY--GEOGRAPHIC NAME
Geographic name Iran.
700 1# - ADDED ENTRY--PERSONAL NAME
Personal name Crooke, William,
Dates associated with a name 1848-1923.
906 ## - LOCAL DATA ELEMENT F, LDF (RLIN)
a 0
b cbc
c premunv
d u
e ncip
f 19
g y-gencatlg
942 ## - ADDED ENTRY ELEMENTS (KOHA)
Source of classification or shelving scheme
Koha item type Book
Holdings
Withdrawn status Lost status Source of classification or shelving scheme Damaged status Not for loan Permanent Location Current Location Date acquired Total Checkouts Full call number Barcode Date last seen Price effective from Koha item type
          School of Civil and Environmental Engineering (SCEE) School of Civil and Environmental Engineering (SCEE) 04/05/2017   915.4042 FRY NIT-9038 04/05/2017 04/05/2017 Book
          School of Civil and Environmental Engineering (SCEE) School of Civil and Environmental Engineering (SCEE) 04/05/2017   915.4042 FRY NIT-9039 04/05/2017 04/05/2017 Book
          School of Civil and Environmental Engineering (SCEE) School of Civil and Environmental Engineering (SCEE) 04/05/2017   915.4042 FRY NIT-9040 04/05/2017 04/05/2017 Book
© 2023 Central Library, National University of Sciences and Technology. All Rights Reserved.